000 00617nam a2200217Ia 4500
003 GCL
008 140319s9999 xx 000 0 ara d
040 _aGCL /
_cGCL
082 0 4 _a327.11
_bك ش
100 1 _aكابى طبرانى
245 1 0 _aشتاء الغضب فى الخليج /
_cكابى طبرانى
260 _a[S.N] :
_bدار الافاق الجديدة ،
_c1991
300 _a274 ص
490 _a
650 0 4 _aالكويت
650 0 4 _aالاحوال السياسية
650 0 4 _aالعراق
650 0 4 _aالشرق الاوسط
650 0 4 _aحرب الخليج
942 _2ddc
_cBK
999 _c42661
_d42661